| 000 | 00505nam a2200157 4500 | ||
|---|---|---|---|
| 001 | 120433 | ||
| 003 | ES-MaACL | ||
| 007 | t| | ||
| 008 | 070214s1911 fr r ||||1| fre d | ||
| 100 | 1 |
_aPoincaré, Henri. _992751 |
|
| 245 | 1 | 0 |
_aLeçons sur les hypothèses cosmogoniques professées a la Sorbone / _cHenri Poincaré ; redigées par Henri Vergne. |
| 260 |
_aParis : _bSaint Amand Bussière, _c1911. |
||
| 300 |
_aXXV, 294 p. ; _c25 cm. |
||
| 700 | 1 |
_aVergne, Henri. _9114117 |
|
| 852 |
_aES-MaACL _jB-489 |
||
| 999 |
_c120433 _d120433 |
||